Konštrukčný návrh rámu elektrickej trojkolky
Gespeichert in:
| 1. Verfasser: | |
|---|---|
| Weitere Verfasser: | |
| Format: | Manuskript Buch |
| Sprache: | Slowakisch |
| Veröffentlicht: |
2021
|
| Schlagworte: | |
| Online-Zugang: | http://is.stuba.sk/zp/portal_zp.pl?podrobnosti=160076 |
| Tags: |
Keine Tags, Fügen Sie das erste Tag hinzu!
|
MARC
| LEADER | 00000ntm a22000003a 4500 | ||
|---|---|---|---|
| 001 | stuzp81412 | ||
| 003 | SK-STU | ||
| 005 | 20231204134714.7 | ||
| 007 | ta | ||
| 008 | 150427s2015----xo-----f-mn---000-0-slo-d | ||
| 040 | |a STU |b slo | ||
| 041 | 0 | |a slo | |
| 100 | 1 | |a Vidlička, Samuel |u 020030 |4 aut |U SjF Strojnícka fakulta |T SjF Ústav dopravnej techniky a konštruovania |X 93386 |U J0030 |Y 806 |7 93386 | |
| 242 | 0 | 1 | |a Design of the electric tricycle frame |y eng |
| 245 | 1 | 0 | |a Konštrukčný návrh rámu elektrickej trojkolky |
| 260 | |c 2021 | ||
| 650 | 4 | |a vozidlo |2 slo | |
| 650 | 4 | |a elektro motor |2 slo | |
| 650 | 4 | |a rám |2 slo | |
| 650 | 4 | |a konštruovanie |2 slo | |
| 650 | 4 | |a vehicle |2 eng | |
| 650 | 4 | |a electric motor |2 eng | |
| 650 | 4 | |a frame |2 eng | |
| 650 | 4 | |a construction |2 eng | |
| 700 | 1 | |a Nemec, Tomáš |u 020030 |k Z3 |4 ths |U SjF Strojnícka fakulta |T SjF Ústav dopravnej techniky a konštruovania |X 81443 |U J0030 |Y 806 |7 81443 | |
| 856 | 4 | |u http://is.stuba.sk/zp/portal_zp.pl?podrobnosti=160076 | |
| 996 | |b 284J046593 |c J* 3273/DBP |l JJSK |s A |a 24 |w stuzp81412_0001 | ||